CRM ako nástroj budovania lojality zákazníkov diplomová práca

Na minha lista:
Detalhes bibliográficos
Autor principal: Magálová, Katarína
Autor Corporativo: Obchodná fakulta EU. Katedra marketingu
Outros Autores: Lesáková, Dagmar, 1949-
Formato: Livro
Idioma:eslovaco
Publicado em: Bratislava 2010
Tags: Adicionar Tag
Sem tags, seja o primeiro a adicionar uma tag!

MARC

LEADER 00000nam$a2200000$$$4500
001 0121781
005 20240318121911.4
041 0 |a slo 
044 |a SK 
245 1 0 |a CRM ako nástroj budovania lojality zákazníkov  |b diplomová práca  |c Katarína Magálová ; škol. Dagmar Lesáková 
264 1 |a Bratislava  |c 2010 
300 |a 91 s. 
100 1 |a Magálová, Katarína 
700 1 |a Lesáková, Dagmar, 1949- 
710 2 |a Obchodná fakulta EU. Katedra marketingu